| Tag |
First Indicator |
Second Indicator |
Subfields |
| LEADER |
00000pam a2200000 i 4500 |
| 001 |
in00000058605 |
| 005 |
20151008050438.0 |
| 008 |
790426s1979 nyu b 00110 eng |
| 010 |
|
|
|a 75040649
|
| 020 |
|
|
|a 0444990232
|z 044499071 (pbk.)
|
| 035 |
|
|
|a (OCoLC)04984273
|
| 035 |
|
|
|9 AAG1097AM
|
| 040 |
|
|
|a DLC
|c DLC
|d TXA
|d UtOrBLW
|
| 049 |
|
|
|a TXAM
|c [1383221]
|
| 050 |
0 |
0 |
|a HQ1206
|b .L38
|
| 082 |
0 |
|
|a 301.41/2
|
| 100 |
1 |
|
|a Laws, Judith Long.
|
| 245 |
1 |
4 |
|a The second X :
|b sex role and social role /
|c Judith Long Laws.
|
| 264 |
|
1 |
|a New York :
|b Elsevier-New York,
|c [1979]
|
| 264 |
|
4 |
|c ©1979
|
| 300 |
|
|
|a x, 405 pages ;
|c 24 cm.
|
| 336 |
|
|
|a text
|b txt
|2 rdacontent
|
| 337 |
|
|
|a unmediated
|b n
|2 rdamedia
|
| 338 |
|
|
|a volume
|b nc
|2 rdacarrier
|
| 504 |
|
|
|a Includes bibliographies and index.
|
| 650 |
|
0 |
|a Women
|x Socialization.
|
| 650 |
|
0 |
|a Sex role.
|
| 999 |
|
|
|a MARS
|
| 999 |
f |
f |
|s 9390242e-0820-35ce-bafd-b78336470a88
|i 87acde9b-3359-3567-9c8e-2c85fdb3a825
|t 0
|
| 952 |
f |
f |
|p ric
|a Texas A&M University
|b Rellis Campus
|c Joint Library Facility
|d Remote Storage
|t 0
|e HQ1206 .L38
|h Library of Congress classification
|i unmediated -- volume
|m A14802978866
|
| 998 |
f |
f |
|a HQ1206 .L38
|t 0
|l Remote Storage
|